Nalaganje...
Fish as food
| Glavni avtor: | |
|---|---|
| Format: | Printed Book |
| Jezik: | English |
| Izdano: |
New york
Academic press
1965
|
| LEADER | 00447nam a22001337a 4500 | ||
|---|---|---|---|
| 005 | 20151028162402.0 | ||
| 008 | 100514t xxu||||| |||| 00| 0 eng d | ||
| 082 | |a 664.94 |b K1.3 | ||
| 100 | |a Borgstrom,Georg |9 26033 | ||
| 245 | |a Fish as food | ||
| 942 | |c BK |6 _ | ||
| 260 | |a New york |b Academic press |c 1965 | ||
| 999 | |c 81299 |d 81299 | ||
| 952 | |0 0 |1 0 |2 ddc |4 0 |6 66494_K13 |7 0 |9 94689 |a SOS |b SOS |c CART |d 2010-05-14 |l 5 |o 664.94 K1.3 |p MS001779 |r 2015-10-19 |s 2015-10-09 |w 2010-05-14 |y BK | ||